Natural grammar: The keywords of English and how they work

সংরক্ষণ করুন:
গ্রন্থ-পঞ্জীর বিবরন
প্রধান লেখক: Scott Thornbury
বিন্যাস: গ্রন্থ
ভাষা:Undetermined
প্রকাশিত: Oxford Oxford Univ. Press 2004
বিষয়গুলি:
ট্যাগগুলো: ট্যাগ যুক্ত করুন
কোনো ট্যাগ নেই, প্রথমজন হিসাবে ট্যাগ করুন!
Thư viện lưu trữ: Trung tâm Học liệu Trường Đại học Cần Thơ
LEADER 00574nam a2200205Ia 4500
001 CTU_65678
008 210402s9999 xx 000 0 und d
020 |b 123000 
082 |a 425.076 
082 |b T497 
100 |a Scott Thornbury 
245 0 |a Natural grammar: The keywords of English and how they work 
245 0 |c Scott Thornbury 
260 |a Oxford 
260 |b Oxford Univ. Press 
260 |c 2004 
650 |a english language 
650 |x grammar,problems, exercises, etc. 
904 |i Minh 
980 |a Trung tâm Học liệu Trường Đại học Cần Thơ